New regeneration database launched (Record no. 117203)

MARC details
000 -LEADER
fixed length control field 00904cam a2200217 4500
001 - CONTROL NUMBER
control field WB4014-18
008 - FIXED-LENGTH DATA ELEMENTS--GENERAL INFORMATION
fixed length control field 040415n2004 000 0 eng u
035 ## - SYSTEM CONTROL NUMBER
System control number (Sirsi) u125832
245 ## - TITLE STATEMENT
Title New regeneration database launched
260 ## - PUBLICATION, DISTRIBUTION, ETC.
Date of publication, distribution, etc. 2004
490 ## - SERIES STATEMENT
Series statement ODPM News Release
Volume/sequential designation (2004/0094) 14 April 2004, (2)
520 ## - SUMMARY, ETC.
Summary, etc. Known as Floor Targets Initiative, FTI is a web-based system for all those interested in Public Service Agreement Floor Targets. FTI contains data for all of England's local authorities with the focus on the 88 most disadvantaged areas that receive Neighbourhood Renewal Funds. For the ODPM News Release: http://www.odpm.gov.uk/pns/DisplayPN.cgi?pn_id=200 4_0094
590 ## - LOCAL NOTE (RLIN)
Local note WB
590 ## - LOCAL NOTE (RLIN)
Local note WB
650 ## - SUBJECT ADDED ENTRY--TOPICAL TERM
Topical term or geographic name entry element NEIGHBOURHOOD RENEWAL
650 ## - SUBJECT ADDED ENTRY--TOPICAL TERM
Topical term or geographic name entry element DATABASE
650 ## - SUBJECT ADDED ENTRY--TOPICAL TERM
Topical term or geographic name entry element LOCAL AUTHORITIES
650 ## - SUBJECT ADDED ENTRY--TOPICAL TERM
Topical term or geographic name entry element PUBLIC SERVICE CONTRACTS
690 ## - LOCAL SUBJECT ADDED ENTRY--TOPICAL TERM (OCLC, RLIN)
Topical term or geographic name as entry element REGENERATION
942 ## - ADDED ENTRY ELEMENTS (KOHA)
Suppress in OPAC 0
Holdings
Withdrawn status Lost status Source of classification or shelving scheme Damaged status Not for loan Home library Current library Shelving location Date acquired Total Checkouts Full call number Barcode Date last seen Copy number Price effective from Koha item type
    Dewey Decimal Classification     London London News article 15/04/2004   WB4014-18 125832-1001 06/08/2019 1 06/08/2019 News article